000 00334nam a2200145Ia 4500
999 _c7744
_d7744
008 191201s2016 xx 000 0 und d
020 _a9780070669055
100 _aGODBOLE, Achyut
245 0 _aWeb Technologies
250 _aRep
260 _c2016
_bMGH
_aNew Delhi
300 _a593
650 _aMCA 2ND SEM
942 _2ddc
_cBB
_011